Timeshift (Record no. 46640)
[ view plain ]
| 000 -LEADER | |
|---|---|
| fixed length control field | 01315nam a2200397Ia 4500 |
| 082 04 - DEWEY DECIMAL CLASSIFICATION NUMBER | |
| Classification number | 700/.9/04 |
| 100 1# - MAIN ENTRY--AUTHOR NAME | |
| Personal name | Cubitt, Sean, |
| 245 10 - TITLE STATEMENT | |
| Title | Timeshift |
| 260 ## - PUBLICATION, DISTRIBUTION, ETC. (IMPRINT) | |
| Place of publication | London ; |
| -- | New York : |
| Name of publisher | Routledge, |
| Year of publication | 1991. |
| 300 ## - PHYSICAL DESCRIPTION | |
| Number of Pages | 206 p. |
| 490 1# - SERIES STATEMENT | |
| Series statement | Comedia series |
| 500 ## - GENERAL NOTE | |
| General note | "A Comedia book." |
| General note | Includes index. |
| 650 #0 - SUBJECT ADDED ENTRY--TOPICAL TERM | |
| Topical Term | Video recordings. |
| Topical Term | Video art. |
| Topical Term | Mass media. |
| Topical Term | Popular culture. |
| 856 40 - ELECTRONIC LOCATION AND ACCESS | |
| Uniform Resource Identifier | http://site.ebrary.com/lib/rucke/Doc?id=10061038 |
No items available.
